| 000 | 01526cam a22003491ia4500 | ||
|---|---|---|---|
| 003 | SA-RiAUC | ||
| 005 | 20250917111030.0 | ||
| 008 | 250913s1989 jo g 00010 ara c | ||
| 040 |
_aSA-AhKFU _bara _cSA-RiAUC _erda |
||
| 050 | 4 | _b.I263 1989 | |
| 082 | 0 | 4 |
_a243 _qSA-RiAUC |
| 090 |
_a243 _b ا ب ن ع |
||
| 100 | 1 |
_aابن عاصم، محمد بن محمد بن محمد (الأب)، _d760-829 هجري _eمؤلف. |
|
| 245 | 1 | 0 |
_aجنة الرضا في التسليم لما قدر الله وقضى / _cتأليف أبي يحيى محمد بن عاصم الغرناطي ؛ تحقيق صلاح جرار. |
| 250 | _aالطبعة الأولى. | ||
| 264 | 1 |
_aعمان، الأردن : _bدار البشير للنشر والتوزيع، _c1989 |
|
| 300 |
_a3 مجلد ؛ _c24 سم |
||
| 336 |
_aنص _btxt _2rdacontent _3كتاب |
||
| 337 |
_aبدون وسيط _bn _2rdamedia |
||
| 338 |
_aمجلد _bnc _2rdacarrier |
||
| 590 | _aزكي. | ||
| 650 | 7 |
_aعلم الكلام _2aucsh |
|
| 650 | 7 |
_aالسمعيات _2aucsh |
|
| 650 | 7 |
_aالقضاء والقدر _2aucsh |
|
| 650 | 7 |
_aالإيمان _2aucsh |
|
| 700 | 1 | 2 |
_iتحقيق لـ (عمل) : _aابن عاصم، محمد بن محمد بن محمد (الأب)، _d760-829 هجري _tجنة الرضا في التسليم لما قدر الله وقضى |
| 700 | 1 |
_aجرار، صلاح، _d1952- _eمحقق. |
|
| 942 |
_2ddc _cBOOK _n0 |
||
| 949 |
_aSA-JeALM _d250913 _umohamedma123 _n1 |
||
| 999 |
_c11829 _d11829 |
||